000 01436cam a22003734i 4500
003 PE-LiUPU
005 20250731183416.0
008 150623s r 000 0 d
020 _a0875961657
035 _a(Sirsi) i9780875961651
040 _aPE-LiUPU
_bspa
_cPE-LiUPU
_erda
049 _aPRUA
082 0 4 _a796.51
_bP66W
_221
245 0 0 _aPrevention's practical encyclopedia of walking for health :
_bfrom age-reversal to weight loss, the most complete guide ever written /
_cMark Bricklin ed.
264 1 _aEmmaus, PA :
_bRodale Press,
_c1992.
300 _a274 páginas :
_bilustraciones, gráficos ;
_c23 centímetros
336 _atext
_2rdacontent
337 _aunmediated
_2rdamedia
338 _avolume
_2rdacarrier
505 0 _aWalking for health. Mark Bricklin's 1-year walking program.
526 _aP158
526 _aP146
526 _aP17
526 _aP12
526 _aP06
650 0 4 _aCaminata
_vEnciclopedias.
700 1 _aBricklin, Mark,
_eed.
942 _2ddc
_cBOOK
949 _a796.51 P66W
_wDEWEY
_c1
_i51680
_lCCODEBUL1
_mBUL
_p10.00
_r0
_sY
_tBOOK
_u2015-6-24
_xTEOLOGIA
_PP35
_0COMPRA
_o.STAFF. Colección General
994 _aC0
_bPEPRU
596 _a1
999 _a796.51 P66W
_wDEWEY
_c33432
_i51680
_f2021-11-9
_g5
_lCCODEBUL1
_mBUL
_p10.00
_r0
_sY
_tBOOK
_u2015-6-24
_xEDUCACION
_PP35
_0COMPRA
_o.STAFF. Colección General
_d33432
980 _81
_gALBERTO SANCHEZ Responsable de Automatización